|
|
|
|
| LEADER |
00912nam a2200241 a 4500 |
| 001 |
GR-MES2676 |
| 008 |
991111s1994 gr 000 b gre d |
| 020 |
|
|
|a 1565294106
|
| 040 |
|
|
|a GrPaTEI
|b gre
|c GR-PaULI
|
| 245 |
0 |
0 |
|a dBase III Plus σε απλά βήματα.
|
| 260 |
|
|
|a Αθήνα :
|b Γκιούρδας,
|c 1994
|
| 300 |
|
|
|a 254σελ. :
|b εικ.
|
| 650 |
|
0 |
|a DBASE III PLUS
|
| 650 |
|
0 |
|a H/Y
|
| 650 |
|
4 |
|a ΒΑΣΗ ΔΕΔΟΜΕΝΩΝ
|
| 650 |
|
4 |
|a Γλώσσα προγραμματισμού
|
| 650 |
|
4 |
|a Ηλεκτρονικοί Υπολογιστές
|
| 700 |
1 |
|
|a Duffy, Ralph E.
|
| 700 |
1 |
|
|a Καλογήρου, Ε.
|
| 942 |
|
|
|2 ddc
|
| 952 |
|
|
|0 0
|1 0
|2 ddc
|4 0
|6 005_740000000000000_DUF
|7 0
|9 267099
|a MSLG
|b MSLG
|c BSC
|d 2021-01-17
|e 24
|f 0
|g 0.00
|l 0
|o 005.74 DUF
|p 2420000009107
|r 2021-01-17 00:00:00
|t 1
|w 2021-01-17
|y BK15
|x 19991111 0 1
|x GrPaTEI
|
| 971 |
|
|
|a .b25737211
|b 07-07-20
|c 13-09-16
|
| 999 |
|
|
|c 153744
|d 153744
|